Online
Catalog

Extratos de las resoluciones de interés general de la Suprema Corte de Justicia 2005 /. (Record no. 28401)

MARC details
000 -CABECERA
campo de control de longitud fija 00468nam a2200145 a 4500
001 - NÚMERO DE CONTROL
campo de control 000028909
005 - FECHA Y HORA DE LA ÚLTIMA TRANSACCIÓN
campo de control 20200930055219.0
008 - DATOS DE LONGITUD FIJA--INFORMACIÓN GENERAL
campo de control de longitud fija 110412s2006 dr 000 0 spa d
040 ## - FUENTE DE LA CATALOGACIÓN
Centro catalogador/agencia de origen DO-SdBNP
Lengua de catalogación spa
Centro/agencia transcriptor BNPHU
049 ## - FONDOS LOCALES (OCLC)
Fondos de biblioteca BNPD
245 00 - MENCIÓN DE TÍTULO
Título Extratos de las resoluciones de interés general de la Suprema Corte de Justicia 2005 /.
260 ## - PUBLICACIÓN, DISTRIBUCIÓN, ETC.
Lugar de publicación, distribución, etc. Santo domingo :
Nombre del editor, distribuidor, etc. Editora Gaceta Judicila,
Fecha de publicación, distribución, etc. 2006.
300 ## - DESCRIPCIÓN FÍSICA
Extensión 83 p. ;
Dimensiones 22 cm.
710 2# - PUNTO DE ACCESO ADICIONAL--NOMBRE DE ENTIDAD CORPORATIVA
Nombre de entidad corporativa o nombre de jurisdicción como elemento de entrada Suprema Corte de Justicia
9 (RLIN) 35963
Holdings
Estado de retiro Estado de pérdida No para préstamo Código de colección Localización permanente Ubicación/localización actual Ubicación en estantería Fecha de adquisición Número de inventario Total de préstamos Signatura topográfica completa Código de barras Fecha visto por última vez Precio válido a partir de Tipo de ítem Koha
    Excluido de préstamo Patrimonio Dominicano Patrimonio Dominicano Patrimonio Dominicano En catalogación 12.04.2011 LF1   28909-10 25.06.2020 25.06.2020 Libro y Folleto Colección Patrimonio Dominicano

Powered by Koha